[Event "Muensterland Regionalliga Gr2 2223"]
[Site "Germany"]
[Date "2022.11.05"]
[Round "3.8"]
[White "Suer, Julian"]
[Black "Albersmann, Rene"]
[Result "1-0"]
[WhiteElo "1745"]
[BlackElo "1586"]
[PlyCount "55"]
[EventDate "2022.09.03"]
[EventType "team-tourn"]
[EventRounds "5"]
[EventCountry "GER"]
[SourceTitle "EXT 2024"]
[Source "ChessBase"]
[SourceDate "2023.10.10"]
[SourceVersion "1"]
[SourceVersionDate "2023.10.10"]
[SourceQuality "1"]
[WhiteTeam "Raesfeld Erle II"]
[BlackTeam "Suedlohn"]
[WhiteTeamCountry "GER"]
[BlackTeamCountry "GER"]

1. e4 e5 2. Nf3 Nc6 3. Bc4 Bc5 4. b4 Bb6 5. c3 d6 6. Qb3 Qe7 7. d3 h6 8. Be3 Bxe3 9. fxe3 Nf6 10. 0-0 Be6 11. Nbd2 0-0 12. Qc2 Bxc4 13. Nxc4 d5 14. exd5 Nxd5 15. b5 Nb8 16. Nfxe5 Nxe3 17. Nxe3 Qxe5 18. Nf5 Qxb5 19. Ne7+ Kh7 20. d4+ f5 21. Nxf5 g6 22. Ne7 Rxf1+ 23. Rxf1 Qe8 24. Nxg6 Kg7 25. Ne5 Nc6 26. Rf7+ Qxf7 27. Nxf7 Kxf7 28. Qh7+ 1-0